00534nam a2200145Ia 4500008004100000020001800041050001600059100002000075245010200095260002100197300001700218500005100235650003000286700007200316120626s9999 xx 000 0 und d a968-26-1303-5 aHB75 L35518 aLANDRETH, Harry aHistoria del pensamiento económico / Harry Landreth, David C. Colander; tr. Luisa Elena Ruiz P. aMéxico : CECSA aXXII, 524 p. aTraducción de: History of economics thought. a1. ECONOMÍA -- HISTORIA aI. Colander, David C., coaut. II. Ruiz Pulido, Luisa Elena, tr.Ì